Estatísticas para Ragatanga

Clique aqui para jogar o quiz

Estatísticas Gerais

  • Esse quiz foi jogado 11 vezes
  • A pontuação média é 10 de 13

Estatísticas das Respostas

HintResposta% Correto
Pra Diego, a canção mais ____desejada
100%
Vem ____ com toda a alegria, festejandodiego
100%
Olha lá quem vem virando a _____esquina
100%
E seu jeito de _____malandro
89%
E o DJ que já conhece toca o som da ____-____meia noite
89%
Ele chega com a dança possuído pelo ____ ____ritmo ragatanga
89%
E com _____magia
78%
E ele ____, ele _____, ele _____dança curte canta
67%
Aserehe ____ ____ ____ra de re
67%
Com a lua em seus olhos, roupa de _____ ______agua marinha
56%
E pura _____alma
56%
De hebe tu de hebere ______ mahabiseibiunouba
56%
An de bugui an de bui ____didipi
44%

Distribuição das Pontuações

Percentil de Números Respondidos

Porcentagem de Pessoas com Cada Pontuação

Sua Pontuação Histórica

Você não jogou esse quiz